Somme - mort subite - Statistiques

Statistiques générales
  • Ce quiz a été pris 34 fois
  • Le résultat moyen est 6 sur 18
Answers on the Grid
Answers color-coded by a green-red scale on the quiz's grid according to % correct below.
Abbeville
Un club de foot qui ont fini champion de France
Azincourt
Amiens
La cathédrale la plus grande de France
Bapaume
Le château de Péronne
Y
Iéna
Un littoral
Poix-de-Picardie
Saguenay
Verdun
Des sites de la bataille de la Somme
Ham
Malanje
Un aéroport international
Hamamatsu
Le tombeau de Manet
Corbie
Vimy
Quend
Des pouillots de Bonelli
Le lieu de naissance d'Emmanuel Macron
Stade de la Licorne
Montdidier
Jimma
Le gouffre le plus profond du monde
Albert
Zouara
Pagadian
Des hypolaïs polyglottes
Doullens
Arrest
Reynosa
Pont-Cassé
 
Statistiques - réponses
Réponse % Correct
Abbeville
83%
Amiens
70%
Des sites de la bataille de la Somme
43%
Un littoral
39%
En termes de volume intérieur La cathédrale la plus grande de France
35%
Amiens Le lieu de naissance d'Emmanuel Macron
35%
Poix-de-Picardie
30%
Village Y
30%
Doullens
26%
Le château de Péronne
26%
Amiens Stade de la Licorne
26%
Albert
22%
Corbie
22%
Commune Ham
22%
Montdidier
22%
Arrest
13%
"Tchin" en picard Quend
13%
Melodious warbler Des hypolaïs polyglottes
4%
Aucun quiz correspondant
Distribution des résultats
% des personnes avec chaque résultat
Percentile par nombre de réponses
Votre historique - résultats
Vous n’avez pas pris ce quiz